[Event "GBR-ch111 Major Open"]
[Site "Liverpool"]
[Date "2025.08.02"]
[Round "1.63"]
[White "Thomas, James"]
[Black "Van Uytvange, Jonas"]
[Result "1-0"]
[WhiteElo "1882"]
[BlackElo "1566"]
[PlyCount "39"]
[EventDate "2025.08.02"]
[EventType "swiss"]
[EventRounds "9"]
[EventCountry "GBR"]
[SourceTitle "BritBase"]
[Source "John Saunders"]
[SourceDate "2025.08.11"]
[SourceVersion "1"]
[SourceVersionDate "2025.08.11"]
[SourceQuality "1"]

1. f4 d6 2. Nf3 Nc6 3. e4 e5 4. d3 Bd7 5. Be2 exf4 6. Bxf4 Nf6 7. Nc3 h6 8. O-O Be7 9. Kh1 Be6 10. d4 d5 11. exd5 Nxd5 12. Nxd5 Bxd5 13. c4 Bxf3 14. Bxf3 Nxd4 15. Bxb7 Rb8 16. Bd5 Nf5 17. Be5 g6 18. Bxh8 Qd6 19. Qa4+ Kd8 20. Bxf7 1-0

[Event "GBR-ch111 Major Open"]
[Site "Liverpool"]
[Date "2025.08.02"]
[Round "1.64"]
[White "Ding, Yihua"]
[Black "Keerthi Kumar, Advait"]
[Result "0-1"]
[WhiteElo "1536"]
[BlackElo "1878"]
[PlyCount "116"]
[EventDate "2025.08.02"]
[EventType "swiss"]
[EventRounds "9"]
[EventCountry "GBR"]
[SourceTitle "BritBase"]
[Source "John Saunders"]
[SourceDate "2025.08.11"]
[SourceVersion "1"]
[SourceVersionDate "2025.08.11"]
[SourceQuality "1"]

1. d4 Nf6 2. c4 g6 3. Nc3 Bg7 4. Bf4 d6 5. e3 Nbd7 6. h3 O-O 7. Nf3 c5 8. Be2 b6 9. O-O Bb7 10. Rc1 Rc8 11. Qd2 Bxf3 12. Bxf3 cxd4 13. exd4 Rxc4 14. Nb5 Rxc1 15. Rxc1 a6 16. Na3 b5 17. Be3 d5 18. Nc2 e6 19. Nb4 Nb8 20. Bf4 a5 21. Bxb8 Qxb8 22. Nc6 Qb6 23. Qxa5 Qxa5 24. Nxa5 Ra8 25. b4 Ne8 26. Rc5 Nd6 27. Rc6 Nc4 28. Nxc4 bxc4 29. Rxc4 Rxa2 30. Rc8+ Bf8 31. b5 Kg7 32. g3 Rb2 33. Rb8 Bd6 34. Rb6 Be7 35. Rb7 Bf6 36. Bg4 Kf8 37. Rb8+ Ke7 38. Rb7+ Ke8 39. Rb8+ Bd8 40. Rb7 h5 41. Bf3 Ba5 42. Rb8+ Ke7 43. Rb7+ Kf6 44. h4 Bc3 45. g4 Bxd4 46. gxh5 Rxf2 47. Bg2 gxh5 48. Kh2 Be5+ 49. Kh3 Re2 50. b6 Re3+ 51. Bf3 Rxf3+ 52. Kg2 Rg3+ 53. Kf2 Rg4 54. Ra7 Bd4+ 55. Kf3 Bxb6 56. Ra1 Rxh4 57. Kg3 Rg4+ 58. Kh3 d4 0-1

[Event "GBR-ch111 Major Open"]
[Site "Liverpool"]
[Date "2025.08.02"]
[Round "1.65"]
[White "Hughes, Padraig"]
[Black "Saxena, Samidh"]
[Result "0-1"]
[WhiteElo "1877"]
[BlackElo "1445"]
[PlyCount "98"]
[EventDate "2025.08.02"]
[EventType "swiss"]
[EventRounds "9"]
[EventCountry "GBR"]
[SourceTitle "BritBase"]
[Source "John Saunders"]
[SourceDate "2025.08.11"]
[SourceVersion "1"]
[SourceVersionDate "2025.08.11"]
[SourceQuality "1"]

1. e4 e6 2. d4 d5 3. Bd3 c5 4. exd5 exd5 5. dxc5 Bxc5 6. Nf3 Nf6 7. O-O O-O 8. Nc3 h6 9. h3 Be6 10. Bf4 Nc6 11. Qd2 Ne7 12. Rad1 Bb4 13. Nd4 Bxc3 14. Qxc3 Qc8 15. Qxc8 Nxc8 16. Nxe6 fxe6 17. Rfe1 Nd7 18. Bg3 Nc5 19. c4 Nxd3 20. Rxd3 dxc4 21. Rd4 b5 22. Rxe6 Nb6 23. Bd6 Rf6 24. Rxf6 gxf6 25. Bc5 Na4 26. Rg4+ Kf7 27. Bd4 Rd8 28. b3 Nb6 29. Bxb6 axb6 30. bxc4 Rd1+ 31. Kh2 bxc4 32. Rxc4 Rd2 33. f4 Rxa2 34. Rb4 Ra6 35. Rb5 Kg6 36. Kg3 f5 37. Kh4 Kg7 38. Rxf5 Ra2 39. g4 Ra5 40. Kg3 Rxf5 41. gxf5 Kf6 42. h4 Kxf5 43. Kf3 b5 44. h5 b4 45. Ke3 Kg4 46. Ke4 Kxh5 47. f5 b3 48. Kd3 Kg5 49. f6 Kxf6 0-1

[Event "GBR-ch111 Major Open"]
[Site "Liverpool"]
[Date "2025.08.03"]
[Round "2.1"]
[White "Taylor, Adam A"]
[Black "Davis, Colin J"]
[Result "1/2-1/2"]
[WhiteElo "2279"]
[BlackElo "1955"]
[PlyCount "139"]
[EventDate "2025.08.02"]
[EventType "swiss"]
[EventRounds "9"]
[EventCountry "GBR"]
[SourceTitle "BritBase"]
[Source "John Saunders"]
[SourceDate "2025.08.11"]
[SourceVersion "1"]
[SourceVersionDate "2025.08.11"]
[SourceQuality "1"]

1. Nf3 d6 2. d4 g6 3. g3 Bg7 4. Bg2 Nf6 5. O-O O-O 6. Nc3 Nc6 7. a4 a5 8. Nb5 Bd7 9. c3 e5 10. dxe5 dxe5 11. Be3 Re8 12. Bc5 e4 13. Nfd4 b6 14. Nxc6 Bxc6 15. Bd4 Qe7 16. Qb3 Rad8 17. Qc4 Bxb5 18. axb5 Ng4 19. Bxg7 Kxg7 20. h3 Nh6 21. Rfd1 f5 22. Rd4 Nf7 23. Rad1 Ne5 24. Qa4 Nf7 25. Kh2 Qc5 26. e3 Qe7 27. Bf1 Ne5 28. Be2 h5 29. h4 g5 30. Rxd8 Rxd8 31. Rxd8 Qxd8 32. hxg5 Qxg5 33. Qd4 Qf6 34. Kg2 Kg6 35. Qd5 Ng4 36. Qg8+ Kh6 37. Qc8 Qe5 38. Qd8 Kg6 39. Qg8+ Kh6 40. Qf8+ Kg6 41. Bc4 Nh6 42. Qd8 Qd6 43. Qe8+ Kg5 44. Be2 Ng4 45. Qg8+ Kh6 46. Qf7 Qe5 47. Qg8 Qd6 48. Bc4 Nf6 49. Qf7 Qe5 50. Qf8+ Kh7 51. Qf7+ Kh6 52. Be6 h4 53. Kh3 hxg3 54. fxg3 Nh5 55. Qf8+ Qg7 56. Qxg7+ Nxg7 57. Bd7 Kg5 58. c4 Nh5 59. g4 fxg4+ 60. Bxg4 Nf6 61. Be6 Ne8 62. Kg3 Nd6 63. Bd5 a4 64. Kf2 Kf5 65. Ke2 Ke5 66. Bg8 Nb7 67. Kd2 Nc5 68. Bh7 Kd6 69. Kc3 Ke5 70. Kc2 1/2-1/2

[Event "GBR-ch111 Major Open"]
[Site "Liverpool"]
[Date "2025.08.03"]
[Round "2.2"]
[White "Amoako, Selikem PJ"]
[Black "Nasiri, Fahim"]
[Result "1/2-1/2"]
[WhiteElo "1948"]
[BlackElo "2252"]
[PlyCount "48"]
[EventDate "2025.08.02"]
[EventType "swiss"]
[EventRounds "9"]
[EventCountry "GBR"]
[SourceTitle "BritBase"]
[Source "John Saunders"]
[SourceDate "2025.08.11"]
[SourceVersion "1"]
[SourceVersionDate "2025.08.11"]
[SourceQuality "1"]

1. e4 e6 2. d4 d5 3. Bd3 dxe4 4. Bxe4 Nf6 5. Bf3 Nbd7 6. Ne2 e5 7. dxe5 Nxe5 8. Qxd8+ Kxd8 9. Bf4 Nxf3+ 10. gxf3 Bd7 11. Nbc3 Kc8 12. O-O-O Bc5 13. Rhg1 Nh5 14. Ne4 Be7 15. Be3 b6 16. Bd4 Rg8 17. Bc3 g6 18. N2g3 Nxg3 19. fxg3 Bc6 20. Rge1 Rd8 21. Rxd8+ Bxd8 22. f4 Kb7 23. Ng5 Bxg5 24. fxg5 Re8 1/2-1/2

[Event "GBR-ch111 Major Open"]
[Site "Liverpool"]
[Date "2025.08.03"]
[Round "2.3"]
[White "Xian, Junhao"]
[Black "Savage, Andrew"]
[Result "0-1"]
[WhiteElo "2159"]
[BlackElo "1950"]
[PlyCount "90"]
[EventDate "2025.08.02"]
[EventType "swiss"]
[EventRounds "9"]
[EventCountry "GBR"]
[SourceTitle "BritBase"]
[Source "John Saunders"]
[SourceDate "2025.08.11"]
[SourceVersion "1"]
[SourceVersionDate "2025.08.11"]
[SourceQuality "1"]

1. d4 Nf6 2. c4 e6 3. Nf3 d5 4. Bg5 Be7 5. e3 O-O 6. Nc3 b6 7. Be2 dxc4 8. Bxc4 Bb7 9. Qe2 Ne4 10. Bf4 Nd7 11. O-O Ndf6 12. Rfd1 Nxc3 13. bxc3 Nd5 14. Rac1 Nxf4 15. exf4 Bxf3 16. Qxf3 Ba3 17. Rb1 Qf6 18. Bb5 a6 19. Bd3 b5 20. g3 Bd6 21. Be4 Ra7 22. Bc6 Rb8 23. a4 b4 24. a5 Qf5 25. cxb4 g5 26. Be4 Qf6 27. Qg4 h6 28. h4 Qg7 29. hxg5 f5 30. Bxf5 exf5 31. Qxf5 hxg5 32. fxg5 Rf8 33. Qg4 Rb7 34. d5 Qf7 35. Rd2 Qf5 36. Qd1 Rxb4 37. Rc1 Qxg5 38. Rc3 Re4 39. Kg2 Bb4 40. Rdc2 Bxc3 41. Rxc3 Qf5 42. Rc2 Rd8 43. f3 Re5 44. g4 Rexd5 45. Qe2 Qxc2 0-1

[Event "GBR-ch111 Major Open"]
[Site "Liverpool"]
[Date "2025.08.03"]
[Round "2.4"]
[White "Sharma, Josh"]
[Black "Wall, Tim P"]
[Result "1/2-1/2"]
[WhiteElo "1925"]
[BlackElo "2158"]
[PlyCount "62"]
[EventDate "2025.08.02"]
[EventType "swiss"]
[EventRounds "9"]
[EventCountry "GBR"]
[SourceTitle "BritBase"]
[Source "John Saunders"]
[SourceDate "2025.08.11"]
[SourceVersion "1"]
[SourceVersionDate "2025.08.11"]
[SourceQuality "1"]

1. e4 Nc6 2. Nf3 d6 3. d4 Nf6 4. Nc3 g6 5. Be2 Bg7 6. O-O O-O 7. d5 Nb8 8. Re1 e5 9. dxe6 Bxe6 10. Be3 Nc6 11. h3 d5 12. exd5 Nxd5 13. Nxd5 Qxd5 14. Qxd5 Bxd5 15. c3 Rad8 16. Red1 Rfe8 17. Rd2 Be6 18. Bb5 Rxd2 19. Nxd2 Bd7 20. Rd1 Ne5 21. Bxd7 Nxd7 22. Nc4 Nf8 23. Kf1 Re4 24. Na5 Ra4 25. Nxb7 Rxa2 26. Rd2 a5 27. Ke2 a4 28. Nc5 a3 29. bxa3 Rxa3 30. Bd4 Ra8 31. Kd3 Rd8 1/2-1/2

[Event "GBR-ch111 Major Open"]
[Site "Liverpool"]
[Date "2025.08.03"]
[Round "2.5"]
[White "Raju, Sooraj Menothuparam"]
[Black "Rastogi, Nayan Keats"]
[Result "1-0"]
[WhiteElo "2119"]
[BlackElo "1948"]
[PlyCount "67"]
[EventDate "2025.08.02"]
[EventType "swiss"]
[EventRounds "9"]
[EventCountry "GBR"]
[SourceTitle "BritBase"]
[Source "John Saunders"]
[SourceDate "2025.08.11"]
[SourceVersion "1"]
[SourceVersionDate "2025.08.11"]
[SourceQuality "1"]

1. Nf3 Nf6 2. g3 d5 3. Bg2 e6 4. O-O Be7 5. d3 Nc6 6. c3 e5 7. b4 a6 8. Bb2 O-O 9. a4 e4 10. dxe4 Nxe4 11. Nbd2 Nd6 12. Qb3 Be6 13. Nd4 Nxd4 14. cxd4 Ne4 15. Rfd1 Nxd2 16. Rxd2 f5 17. b5 a5 18. Rc1 Qd7 19. Rdc2 Rac8 20. Bc3 b6 21. Bd2 g5 22. Rc6 Kh8 23. Qc2 Bd8 24. h4 h6 25. hxg5 hxg5 26. g4 Qf7 27. f4 fxg4 28. Rf1 Bf5 29. Qb3 gxf4 30. Bxf4 Kg7 31. Bxd5 Qh5 32. Bh6+ Kh7 33. Bxf8 Bg5 34. Rxf5 1-0

[Event "GBR-ch111 Major Open"]
[Site "Liverpool"]
[Date "2025.08.03"]
[Round "2.6"]
[White "Chapman, Luke"]
[Black "Kolani, Arjun"]
[Result "0-1"]
[WhiteElo "1921"]
[BlackElo "2118"]
[PlyCount "52"]
[EventDate "2025.08.02"]
[EventType "swiss"]
[EventRounds "9"]
[EventCountry "GBR"]
[SourceTitle "BritBase"]
[Source "John Saunders"]
[SourceDate "2025.08.11"]
[SourceVersion "1"]
[SourceVersionDate "2025.08.11"]
[SourceQuality "1"]

1. e4 e5 2. Nf3 Nc6 3. d4 exd4 4. Nxd4 Nf6 5. Nxc6 bxc6 6. e5 Qe7 7. Qe2 Nd5 8. h4 Qe6 9. g3 d6 10. c4 Nb6 11. exd6 Bxd6 12. Be3 Be5 13. Na3 O-O 14. Bh3 Qe7 15. O-O-O Bxh3 16. Rxh3 Na4 17. Bd4 Bf4+ 18. Be3 Nc3 19. bxc3 Qxa3+ 20. Qb2 Bxe3+ 21. fxe3 Qc5 22. Rd4 Rab8 23. Qa1 Qa3+ 24. Kd1 Rb2 25. Rd2 Qa4+ 26. Ke1 Rxd2 0-1

[Event "GBR-ch111 Major Open"]
[Site "Liverpool"]
[Date "2025.08.03"]
[Round "2.7"]
[White "Nelson, Jonathan P"]
[Black "Davis, Cameron"]
[Result "1-0"]
[WhiteElo "2114"]
[BlackElo "1944"]
[PlyCount "69"]
[EventDate "2025.08.02"]
[EventType "swiss"]
[EventRounds "9"]
[EventCountry "GBR"]
[SourceTitle "BritBase"]
[Source "John Saunders"]
[SourceDate "2025.08.11"]
[SourceVersion "1"]
[SourceVersionDate "2025.08.11"]
[SourceQuality "1"]

1. e4 e6 2. d4 d5 3. e5 c5 4. c3 Nc6 5. Be3 Nh6 6. Bd3 Bd7 7. Nf3 f6 8. exf6 Qxf6 9. Bg5 Qf7 10. O-O cxd4 11. Re1 Bd6 12. cxd4 O-O 13. Nc3 Qh5 14. Bxh6 Rxf3 15. gxf3 Qxh2+ 16. Kf1 Qxh6 17. Nb5 Bf4 18. Ke2 Qf6 19. Rh1 g6 20. Qa4 a6 21. Rag1 Be8 22. Qa3 Rd8 23. Nc3 Nxd4+ 24. Kd1 Bd6 25. Qa5 Qxf3+ 26. Be2 Qf6 27. Qb6 Qe7 28. Qxd4 Bc5 29. Qe5 Bxf2 30. Rf1 Bh4 31. Bg4 Bf7 32. Rh3 h5 33. Bxh5 gxh5 34. Rg1+ Kf8 35. Qh8+ 1-0

[Event "GBR-ch111 Major Open"]
[Site "Liverpool"]
[Date "2025.08.03"]
[Round "2.8"]
[White "Nicholas, Koichi B"]
[Black "Rich, Aaron"]
[Result "1-0"]
[WhiteElo "2091"]
[BlackElo "1944"]
[PlyCount "120"]
[EventDate "2025.08.02"]
[EventType "swiss"]
[EventRounds "9"]
[EventCountry "GBR"]
[SourceTitle "BritBase"]
[Source "John Saunders"]
[SourceDate "2025.08.11"]
[SourceVersion "1"]
[SourceVersionDate "2025.08.11"]
[SourceQuality "1"]

1. e4 e6 2. d4 d5 3. Nc3 Nf6 4. e5 Nfd7 5. f4 c5 6. Nf3 Nc6 7. Be3 Qb6 8. Qd2 Qxb2 9. Rb1 Qa3 10. Be2 a6 11. O-O cxd4 12. Nxd4 Nxd4 13. Bxd4 Bc5 14. Kh1 Bxd4 15. Qxd4 Qc5 16. Qd3 b5 17. f5 Nb6 18. Qg3 Rf8 19. Bd3 g6 20. fxg6 hxg6 21. Rf2 Nc4 22. Ne2 Bd7 23. Re1 Qe3 24. Rf3 Qxe5 25. Nf4 Qd6 26. Bxc4 bxc4 27. Qg5 Bc6 28. Nxg6 Rg8 29. Qf6 Ra7 30. Ne5 Rf8 31. Nxf7 Rfxf7 32. Rxe6+ Rae7 33. Qh8+ Kd7 34. Rxd6+ Kxd6 35. Qd8+ Kc5 36. Qa5+ Kd6 37. Qd8+ Kc5 38. Qa5+ Kd6 39. Qb4+ Kc7 40. Rxf7 Rxf7 41. Qe1 Rd7 42. Qe5+ Kb7 43. Qd4 Re7 44. h3 Re4 45. Qd2 Kb6 46. c3 Kc5 47. Qf2+ Kd6 48. Kh2 a5 49. a3 a4 50. g4 d4 51. cxd4 Kd5 52. g5 Rxd4 53. g6 Kc5 54. Qe3 Bd5 55. h4 c3 56. Qxc3+ Rc4 57. Qe3+ Kd6 58. Kg3 Be6 59. h5 Rg4+ 60. Kf2 Bd5 1-0

[Event "GBR-ch111 Major Open"]
[Site "Liverpool"]
[Date "2025.08.03"]
[Round "2.9"]
[White "Melia, Alfie"]
[Black "Rushbrooke, Remy"]
[Result "0-1"]
[WhiteElo "1904"]
[BlackElo "2090"]
[PlyCount "72"]
[EventDate "2025.08.02"]
[EventType "swiss"]
[EventRounds "9"]
[EventCountry "GBR"]
[SourceTitle "BritBase"]
[Source "John Saunders"]
[SourceDate "2025.08.11"]
[SourceVersion "1"]
[SourceVersionDate "2025.08.11"]
[SourceQuality "1"]

1. d4 d5 2. c4 c6 3. Nc3 Nf6 4. Nf3 e6 5. e3 Nbd7 6. Be2 dxc4 7. a4 c5 8. O-O Be7 9. Bxc4 O-O 10. b3 cxd4 11. Qxd4 Qa5 12. Rd1 e5 13. Qd3 Nc5 14. Qc2 e4 15. Nd4 Bg4 16. Nce2 Na6 17. h3 Nb4 18. Qd2 Bh5 19. Ba3 Rfd8 20. Qe1 Bf8 21. Nc2 Nc6 22. Rxd8 Rxd8 23. Bxf8 Kxf8 24. b4 Qg5 25. Rd1 Rc8 26. Qd2 h6 27. Kh1 Ne5 28. Bb3 Nd3 29. Rf1 Rd8 30. Nf4 Ng4 31. Nd4 Rxd4 32. hxg4 Nxf4 33. exd4 Bxg4 34. f3 exf3 35. gxf3 Bxf3+ 36. Rxf3 Qh5+ 0-1

[Event "GBR-ch111 Major Open"]
[Site "Liverpool"]
[Date "2025.08.03"]
[Round "2.10"]
[White "Jaunooby, Ali Reza"]
[Black "Vadalia, Jainill"]
[Result "1-0"]
[WhiteElo "2082"]
[BlackElo "1929"]
[PlyCount "81"]
[EventDate "2025.08.02"]
[EventType "swiss"]
[EventRounds "9"]
[EventCountry "GBR"]
[SourceTitle "BritBase"]
[Source "John Saunders"]
[SourceDate "2025.08.11"]
[SourceVersion "1"]
[SourceVersionDate "2025.08.11"]
[SourceQuality "1"]

1. d4 Nf6 2. c4 e6 3. Nc3 Bb4 4. Bg5 c5 5. d5 h6 6. Bd2 d6 7. a3 Bxc3 8. Bxc3 O-O 9. Qd3 Qe7 10. O-O-O exd5 11. cxd5 Ne4 12. Be1 Bf5 13. Qe3 Re8 14. f3 Nf6 15. Qxe7 Rxe7 16. e4 Bh7 17. Bg3 Ne8 18. Ne2 f5 19. Nc3 fxe4 20. fxe4 Nd7 21. Bd3 a6 22. a4 Ne5 23. Rhe1 b6 24. Bc2 Nc7 25. Nb1 Rf8 26. Nd2 Ne8 27. Bxe5 Rxe5 28. Nc4 Rg5 29. Rd2 b5 30. Na5 Nf6 31. Nb7 Ne8 32. e5 Bxc2 33. Kxc2 Rg4 34. exd6 Nf6 35. Re7 Rf7 36. Nd8 Rf8 37. Ne6 Rf7 38. Rf2 Rxe7 39. dxe7 Kf7 40. d6 Re4 41. d7 1-0

[Event "GBR-ch111 Major Open"]
[Site "Liverpool"]
[Date "2025.08.03"]
[Round "2.11"]
[White "Sefton, Adam"]
[Black "McCarthy, Damian M"]
[Result "1-0"]
[WhiteElo "2074"]
[BlackElo "1924"]
[PlyCount "87"]
[EventDate "2025.08.02"]
[EventType "swiss"]
[EventRounds "9"]
[EventCountry "GBR"]
[SourceTitle "BritBase"]
[Source "John Saunders"]
[SourceDate "2025.08.11"]
[SourceVersion "1"]
[SourceVersionDate "2025.08.11"]
[SourceQuality "1"]

1. d4 Nf6 2. c4 e6 3. Nf3 d5 4. g3 c6 5. Qd3 Nbd7 6. Nc3 Bd6 7. Bg2 O-O 8. O-O Qe7 9. Rd1 a6 10. b3 b5 11. a3 Bb7 12. e4 Nxe4 13. Nxe4 dxe4 14. Qxe4 Nf6 15. Qe2 h6 16. h4 Rfd8 17. Ne5 Rac8 18. Bb2 Nd7 19. Nxd7 Rxd7 20. c5 Bb8 21. b4 Rcd8 22. Be4 Qe8 23. Bc2 Re7 24. Re1 Bc8 25. Qe4 f5 26. Qe2 e5 27. Bb3+ Be6 28. Bxe6+ Rxe6 29. dxe5 f4 30. Rad1 fxg3 31. f4 Rxd1 32. Rxd1 g6 33. Qg4 Kh7 34. Qxg3 Bc7 35. Rd2 Qf7 36. Qg4 h5 37. Qg5 a5 38. Rf2 Qf5 39. Rd2 Qxg5+ 40. hxg5 Re7 41. e6 axb4 42. axb4 Bxf4 43. Rd8 Bxg5 44. Rh8# 1-0

[Event "GBR-ch111 Major Open"]
[Site "Liverpool"]
[Date "2025.08.03"]
[Round "2.12"]
[White "Gupta, Leonardo"]
[Black "Bhatia, Kanishka"]
[Result "1/2-1/2"]
[WhiteElo "1885"]
[BlackElo "2067"]
[PlyCount "167"]
[EventDate "2025.08.02"]
[EventType "swiss"]
[EventRounds "9"]
[EventCountry "GBR"]
[SourceTitle "BritBase"]
[Source "John Saunders"]
[SourceDate "2025.08.11"]
[SourceVersion "1"]
[SourceVersionDate "2025.08.11"]
[SourceQuality "1"]

1. e4 e5 2. Nf3 Nc6 3. Bb5 a6 4. Ba4 Nf6 5. d3 Bc5 6. Bxc6 dxc6 7. Nbd2 Be6 8. O-O Qd6 9. Nb3 Ba7 10. Qe2 O-O-O 11. Be3 Bxe3 12. Qxe3 Kb8 13. Ng5 Bxb3 14. axb3 Qe7 15. h3 h6 16. Nf3 g5 17. Ra5 Nd7 18. d4 exd4 19. Nxd4 c5 20. Nf5 Qe5 21. b4 Rhe8 22. Ng3 Qxb2 23. bxc5 Ne5 24. Qe2 Qc3 25. Rfa1 Rd2 26. Rxa6 Qxa1+ 27. Rxa1 Rxe2 28. Nxe2 Nc6 29. f3 f5 30. Ng3 f4 31. Nf5 Re5 32. Nxh6 Rxc5 33. Rc1 Nd4 34. Kf2 Nb3 35. Re1 Rxc2+ 36. Re2 Rc5 37. Ng4 Nd4 38. Rd2 Ne6 39. Nf6 Kc8 40. g3 b5 41. gxf4 Nxf4 42. Kg3 Rc6 43. e5 Rc4 44. Nd5 Ne6 45. Rb2 Rc5 46. Rd2 Kb7 47. Kg4 c6 48. Kf5 Rxd5 49. Rxd5 cxd5 50. Kxe6 d4 51. Kf6 d3 52. e6 d2 53. e7 d1=Q 54. e8=Q Qxf3+ 55. Kxg5 Qg3+ 56. Kf6 Qh4+ 57. Kg6 Qg3+ 58. Kf6 Qc3+ 59. Kg5 Qc5+ 60. Kg6 Qc6+ 61. Qxc6+ Kxc6 62. h4 b4 63. h5 b3 64. h6 b2 65. h7 b1=Q+ 66. Kg7 Qb2+ 67. Kg8 Qb3+ 68. Kg7 Qc3+ 69. Kg8 Qc4+ 70. Kg7 Qd4+ 71. Kg8 Qd5+ 72. Kg7 Qe5+ 73. Kg8 Qg5+ 74. Kh8 Qd8+ 75. Kg7 Qe7+ 76. Kg8 Qg5+ 77. Kh8 Qf6+ 78. Kg8 Qg6+ 79. Kh8 Qf6+ 80. Kg8 Kd7 81. h8=Q Qe6+ 82. Kh7 Qf7+ 83. Qg7 Qxg7+ 84. Kxg7 1/2-1/2

[Event "GBR-ch111 Major Open"]
[Site "Liverpool"]
[Date "2025.08.03"]
[Round "2.13"]
[White "Peart, Alan"]
[Black "Ortiz Sanchez, Luis"]
[Result "0-1"]
[WhiteElo "2065"]
[BlackElo "1908"]
[PlyCount "124"]
[EventDate "2025.08.02"]
[EventType "swiss"]
[EventRounds "9"]
[EventCountry "GBR"]
[SourceTitle "BritBase"]
[Source "John Saunders"]
[SourceDate "2025.08.11"]
[SourceVersion "1"]
[SourceVersionDate "2025.08.11"]
[SourceQuality "1"]

1. e4 c5 2. Nc3 Nc6 3. Bb5 Nd4 4. Nf3 a6 5. Bd3 g6 6. Rb1 Nc6 7. a3 Bg7 8. O-O d6 9. b4 Rb8 10. bxc5 dxc5 11. Re1 Bg4 12. h3 Bxf3 13. Qxf3 e6 14. a4 Nf6 15. Ba3 Nd7 16. Bf1 O-O 17. Qd1 Qg5 18. Ne2 Rfd8 19. f4 Qh5 20. Ng3 Qh4 21. Qg4 Qh6 22. e5 Nd4 23. Rb2 b5 24. c3 b4 25. cxb4 f5 26. exf6 Nxf6 27. Qg5 cxb4 28. Bxb4 Nd5 29. Bc3 Qxg5 30. fxg5 Rxb2 31. Bxb2 Rb8 32. Bc3 Nxc3 33. dxc3 Nf5 34. Ne4 a5 35. Bc4 Kf7 36. g4 Nh4 37. Kf2 Be5 38. Re2 Bf4 39. Nc5 Bxg5 40. Nxe6 Bf6 41. Kg3 Rc8 42. Nc7+ Kf8 43. Nd5 Bg5 44. Bb5 h6 45. Re6 Kf7 46. Ra6 Rf8 47. Rxa5 Bd2 48. Kf2 Ke6+ 49. Ke2 Bg5 50. Bd3 Kd6 51. Be4 Ke5 52. Kd3 Rf2 53. Ne3+ Kf4 54. Rb5 Rh2 55. Bxg6 Rxh3 56. Rb4+ Kf3 57. Be4+ Kf2 58. Rb2+ Kg3 59. a5 Kf4 60. Kd4 Bf6+ 61. Kd3 Rxe3+ 62. Kd2 Bxc3+ 0-1

[Event "GBR-ch111 Major Open"]
[Site "Liverpool"]
[Date "2025.08.03"]
[Round "2.14"]
[White "Keerthi Kumar, Advait"]
[Black "Cancedda-Dupuis, Livio"]
[Result "0-1"]
[WhiteElo "1878"]
[BlackElo "2053"]
[PlyCount "116"]
[EventDate "2025.08.02"]
[EventType "swiss"]
[EventRounds "9"]
[EventCountry "GBR"]
[SourceTitle "BritBase"]
[Source "John Saunders"]
[SourceDate "2025.08.11"]
[SourceVersion "1"]
[SourceVersionDate "2025.08.11"]
[SourceQuality "1"]

1. e4 c5 2. Nf3 Nc6 3. d4 cxd4 4. Nxd4 Nf6 5. Nc3 e5 6. Ndb5 d6 7. Nd5 Nxd5 8. exd5 Ne7 9. c4 Nf5 10. Bd3 Be7 11. O-O a6 12. Nc3 O-O 13. Kh1 Bg5 14. f4 exf4 15. Bxf4 Bxf4 16. Rxf4 Nh6 17. Qc2 f5 18. Ne2 Bd7 19. Nd4 g6 20. Qb3 Ng4 21. Qxb7 Rb8 22. Qxa6 Qh4 23. Rxg4 Qxg4 24. Nf3 Rxb2 25. Bf1 Qf4 26. Qa7 Be8 27. a4 Rf7 28. Qd4 Qxd4 29. Nxd4 Rb8 30. Nb5 Rd7 31. Kg1 Kf7 32. Kf2 Kf6 33. Bd3 g5 34. g3 Re7 35. Ra2 Rb6 36. a5 Ra6 37. c5 dxc5 38. d6 Re5 39. Nc7 Rxd6 40. Nxe8+ Rxe8 41. Bb5 Ra8 42. a6 Ra7 43. Rc2 Rd5 44. Bc6 Re5 45. Bb7 Ke7 46. Kf3 Kd6 47. h4 h6 48. hxg5 hxg5 49. Rh2 c4 50. Rh5 c3 51. Rh8 Rc5 52. Rd8+ Ke5 53. Rd1 c2 54. Rc1 Kd4 55. Ke2 Kc3 56. g4 Re5+ 57. Kf3 fxg4+ 58. Kxg4 Kb2 0-1

[Event "GBR-ch111 Major Open"]
[Site "Liverpool"]
[Date "2025.08.03"]
[Round "2.15"]
[White "Ding, Yiwen"]
[Black "Norris, Zack"]
[Result "1-0"]
[WhiteElo "1844"]
[BlackElo "2036"]
[PlyCount "83"]
[EventDate "2025.08.02"]
[EventType "swiss"]
[EventRounds "9"]
[EventCountry "GBR"]
[SourceTitle "BritBase"]
[Source "John Saunders"]
[SourceDate "2025.08.11"]
[SourceVersion "1"]
[SourceVersionDate "2025.08.11"]
[SourceQuality "1"]

1. d4 Nf6 2. c4 g6 3. Nc3 Bg7 4. e4 d6 5. h3 O-O 6. Be3 e5 7. d5 Na6 8. Bd3 Nh5 9. g3 Nc5 10. Be2 Nf6 11. Bxc5 dxc5 12. g4 Ne8 13. Qc2 Nd6 14. O-O-O f5 15. f3 a6 16. Kb1 Bd7 17. Ka1 b5 18. b3 b4 19. Na4 Bxa4 20. bxa4 fxe4 21. fxe4 Rf4 22. Bd3 Qh4 23. Rh2 Raf8 24. Kb2 Qg3 25. Rhd2 Rf2 26. Ne2 Qxh3 27. Nc1 Bh6 28. Rxf2 Rxf2 29. Qxf2 Nxc4+ 30. Bxc4 Qc3+ 31. Kb1 Qxc4 32. Qc2 Qxc2+ 33. Kxc2 Bf8 34. Kb3 Kg7 35. Kc4 Bd6 36. Nb3 Kf6 37. Nxc5 Kg5 38. Rg1 Kf4 39. Nxa6 Kxe4 40. Nxb4 Kf3 41. Nc2 c5 42. a5 1-0

[Event "GBR-ch111 Major Open"]
[Site "Liverpool"]
[Date "2025.08.03"]
[Round "2.16"]
[White "Pilley, Jack"]
[Black "Rughani, Mahin"]
[Result "1/2-1/2"]
[WhiteElo "2032"]
[BlackElo "1906"]
[PlyCount "91"]
[EventDate "2025.08.02"]
[EventType "swiss"]
[EventRounds "9"]
[EventCountry "GBR"]
[SourceTitle "BritBase"]
[Source "John Saunders"]
[SourceDate "2025.08.11"]
[SourceVersion "1"]
[SourceVersionDate "2025.08.11"]
[SourceQuality "1"]

1. e4 c6 2. d4 d5 3. e5 Bf5 4. Nd2 e6 5. Nb3 Nd7 6. Nf3 Qc7 7. Be3 a6 8. Be2 c5 9. dxc5 Bxc5 10. Nxc5 Nxc5 11. Nd4 Be4 12. f3 Bg6 13. f4 Ne7 14. O-O h5 15. c3 h4 16. Bf2 Be4 17. Nf3 Nf5 18. Ng5 f6 19. exf6 gxf6 20. Nxe4 Nxe4 21. Bd3 Qxf4 22. Qa4+ b5 23. Bxb5+ Kf7 24. Be2 h3 25. Qd7+ Kg6 26. g4 Nfg3 27. Bxg3 Qe3+ 28. Bf2 Qxe2 29. Qxe6 Qf3 30. Qf5+ Qxf5 31. gxf5+ Kxf5 32. Bd4+ Ke6 33. Rae1 Rh6 34. c4 Rc8 35. cxd5+ Kxd5 36. Be3 Rg6+ 37. Kh1 Rc2 38. Rf3 Rxb2 39. a4 Ra2 40. a5 Nd6 41. Rxh3 Rxa5 42. Rh5+ f5 43. Bf4 Ra2 44. Rd1+ Kc6 45. Bxd6 Rxd6 46. Rxd6+ 1/2-1/2

[Event "GBR-ch111 Major Open"]
[Site "Liverpool"]
[Date "2025.08.03"]
[Round "2.17"]
[White "De Silva, Sithun"]
[Black "Potter, John M"]
[Result "1/2-1/2"]
[WhiteElo "1817"]
[BlackElo "2015"]
[PlyCount "53"]
[EventDate "2025.08.02"]
[EventType "swiss"]
[EventRounds "9"]
[EventCountry "GBR"]
[SourceTitle "BritBase"]
[Source "John Saunders"]
[SourceDate "2025.08.11"]
[SourceVersion "1"]
[SourceVersionDate "2025.08.11"]
[SourceQuality "1"]

1. e4 d6 2. d4 Nf6 3. Nc3 g6 4. g3 Bg7 5. Bg2 O-O 6. Nge2 e5 7. O-O a6 8. a4 h6 9. h3 exd4 10. Nxd4 b6 11. Re1 Ra7 12. Bf4 Kh7 13. Nd5 Nfd7 14. Rb1 Ne5 15. b3 c5 16. Nf3 Nbc6 17. Nxe5 dxe5 18. Be3 Be6 19. c3 f5 20. Kh2 Rd7 21. Qe2 fxe4 22. c4 Nd4 23. Bxd4 exd4 24. Bxe4 Bf5 25. f4 a5 26. Qd3 Rd6 27. Re2 1/2-1/2